000
00349nam a2200157Ia 4500
005
20250425161131.0
008
250425s9999 xx 000 0 und d
041
_a
eng
082
_a
624.15
245
0
_a
FOUNDATION ANALYSIS AND DESIGN
250
_a
S.E.
260
_a
S.L.
260
_a
Sin Pais
_b
MCGH
_c
1982
942
_c
01
010
_a
13428
999
_c
203079
_d
203079